Dolo como realización típica consciente y querida. (Solo de quienes la ven y no de los ciegos —incluso deliberados— ni de quienes ven meras eventualidades) / (Registro nro. 5597)
[ vista simple ]
| 000 -LEADER | |
|---|---|
| fixed length control field | 01139nab a22002417a 4500 |
| 003 - CONTROL NUMBER IDENTIFIER | |
| control field | OSt |
| 005 - DATE AND TIME OF LATEST TRANSACTION | |
| control field | 20251219181700.0 |
| 008 - FIXED-LENGTH DATA ELEMENTS--GENERAL INFORMATION | |
| fixed length control field | 190429b xxu||||| |||| 00| 0 spa d |
| 040 ## - CATALOGING SOURCE | |
| Transcribing agency | PJ |
| 100 ## - MAIN ENTRY--PERSONAL NAME | |
| 9 (RLIN) | 2846 |
| Personal name | Vitale, Gustavo Luis |
| 245 10 - TITLE STATEMENT | |
| Title | Dolo como realización típica consciente y querida. (Solo de quienes la ven y no de los ciegos —incluso deliberados— ni de quienes ven meras eventualidades) / |
| Statement of responsibility, etc | Gustavo L. Vitale. |
| 260 ## - PUBLICATION, DISTRIBUTION, ETC. (IMPRINT) | |
| Date of publication, distribution, etc | Ciudad Autónoma de Buenos Aires : |
| Place of publication, distribution, etc | Thomson Reuters La Ley, |
| Name of publisher, distributor, etc | 2025. |
| 300 ## - PHYSICAL DESCRIPTION | |
| Extent | p. 40-49 |
| 500 ## - GENERAL NOTE | |
| General note | Cita: TR LALEY AR/DOC/2844/2025. |
| 505 ## - FORMATTED CONTENTS NOTE | |
| Formatted contents note | Sumario: I. Introducción.— II. Casos.— III. Dos aspectos relevantes de la problemática del dolo. |
| 505 ## - FORMATTED CONTENTS NOTE | |
| Title | Si te interesa el texto completo, solicitalo a koha@justierradelfuego.gov.ar |
| 650 #0 - SUBJECT ADDED ENTRY--TOPICAL TERM | |
| 9 (RLIN) | 343 |
| Topical term or geographic name as entry element | DERECHO PENAL |
| 650 #0 - SUBJECT ADDED ENTRY--TOPICAL TERM | |
| 9 (RLIN) | 2825 |
| Topical term or geographic name as entry element | DELITO DOLOSO |
| 650 #0 - SUBJECT ADDED ENTRY--TOPICAL TERM | |
| 9 (RLIN) | 2581 |
| Topical term or geographic name as entry element | CULPABILIDAD |
| 650 #0 - SUBJECT ADDED ENTRY--TOPICAL TERM | |
| 9 (RLIN) | 179 |
| Topical term or geographic name as entry element | GARANTIAS CONSTITUCIONALES › |
| 773 0# - HOST ITEM ENTRY | |
| Host Biblionumber | 2658 |
| Host Itemnumber | 3164 |
| Title | Revista de derecho penal y criminología. Nº 11 - Diciembre 2025 |
| Place, publisher, and date of publication | Ciudad Autónoma de Buenos Aires : Thomson Reuters La Ley, 2017- |
| International Standard Serial Number | 00347914 |
| 942 ## - ADDED ENTRY ELEMENTS (KOHA) | |
| Source of classification or shelving scheme | |
| Koha item type | Analítica Artículo de Revista |
No hay ítems disponibles.
